Soubor hlavních zdrojů pracovních rizik při kovoobrábění

Enregistré dans:
Détails bibliographiques
Auteur principal: Litwora, Rudolf (Auteur)
Format: Livre
Langue:tchèque
Publié: Rožnov pod Radhoštěm : RoVS, 2000
Édition:1. vyd.
Sujets:
Accès en ligne:OBSAH
Tags: Ajouter un tag
Pas de tags, Soyez le premier à ajouter un tag!

MARC

LEADER 00000nam a22000003a 4500
001 stu61396
005 20150617225650.8
008 011009s2000----xr------------------cze-d
040 |a STU  |b slo 
041 0 |a cze 
044 |a xr 
080 |a 331.45:621.9 
100 1 |a Litwora, Rudolf  |4 aut 
245 1 |a Soubor hlavních zdrojů pracovních rizik při kovoobrábění 
250 |a 1. vyd. 
260 |a Rožnov pod Radhoštěm :  |b RoVS,  |c 2000 
300 |a 42 s 
650 7 |a BOZ  |2 stusub 
650 7 |a riziká  |2 stusub 
650 7 |a obrábanie kovov  |2 stusub 
856 4 |a https://sweb.mtf.stuba.sk/obsahy/Soubor_hlavnich_zdroju_pracovnich_rizik_pri_kovoobrabeni_00.pdf  |u https://sweb.mtf.stuba.sk/obsahy/Soubor_hlavnich_zdroju_pracovnich_rizik_pri_kovoobrabeni_00.pdf  |3 OBSAH 
996 |b 284M033342  |c M*B-299  |l MMST  |s A  |a 24  |w stu61396_0001 
996 |b 284M033343  |c M*B-300  |l MMKN  |s A  |a 24  |w stu61396_0002